Direito Penal Interpretado pelo STF e STJ e Comentado pela Doutrina

Bibliographic Details
Main Author: Dirceu Barros, Francisco
Other Authors: Cintra, Antn̥io Fernando
Format: eBook
Language:Portuguese
Published: San Pablo: JH Mizuno, 2016
Subjects:
Online Access:Acceso restringido

MARC

LEADER 00000nam a22000007a 4500
005 20180313212251.0
007 cr|||| ||||
008 180313s2016 br |||||s|||| 00||0 por d
020 |a 978-85-7789-247-1 
035 |a 21039 
040 |a vLex 
090 |c 7469  |d 7469 
100 1 |a Dirceu Barros, Francisco 
245 1 0 |a Direito Penal Interpretado pelo STF e STJ e Comentado pela Doutrina  |h [Recurso electrn̤ico] /  |c Francisco Dirceu Barros, Antn̥io Fernando Cintra 
256 |a Servicio en ln̕ea 
260 |a San Pablo:  |b JH Mizuno,  |c 2016 
300 |a 1 recurso electrn̤ico 
506 1 |a Disponible solo en los productos indicados  |d vLex Global  |d vLex Global (Academic Edition, excluding Law Schools)  |d vLex Global (U.S. Academic Edition, Law Schools)  |d vLex Global (U.S. Academic Edition, excluding Law Schools)  |d vLex Global (Academic Edition, Law Schools) 
650 0 4 |a Derecho Penal  |z Brasil 
700 1 |a Cintra, Antn̥io Fernando 
740 0 |a vLex Libros (Servicio en ln̕ea) 
856 4 0 |u http://vlex.com/source/direito-penal-interpretado-stf-stj-21039  |z Acceso restringido 
942 |c BOOK 
999 0 |a Criminal law